Sports Quiz

Random Sports or Baseball Quiz

Toronto Blue Jays Progressive Hits Leaders Quiz Stats

 Plays Quiz not verified by Sporcle

Score 0/206 Timer 10:00
0 Plays Today
Year Player % Correct
2017Tony Fernandez
96.7%
2017Carlos Delgado
95%
2002Carlos Delgado
92.9%
2003Carlos Delgado
92.9%
2004Carlos Delgado
92.9%
2005Carlos Delgado
92.9%
2006Carlos Delgado
92.9%
2007Carlos Delgado
92.9%
2008Carlos Delgado
92.9%
2009Carlos Delgado
92.9%
2010Carlos Delgado
92.9%
2011Carlos Delgado
92.9%
2012Carlos Delgado
92.9%
2013Carlos Delgado
92.9%
2014Carlos Delgado
92.9%
2015Carlos Delgado
92.9%
2016Carlos Delgado
92.9%
2017Vernon Wells
91.7%
1987George Bell
90.2%
1988George Bell
90.2%
1989George Bell
90.2%
1990George Bell
90.2%
1991George Bell
90.2%
1992George Bell
90.2%
1993George Bell
90.2%
1994George Bell
90.2%
1995George Bell
90.2%
1996George Bell
90.2%
1997George Bell
90.2%
1998George Bell
90.2%
1999George Bell
90.2%
2000George Bell
90.2%
2001George Bell
90.2%
2002George Bell
90.2%
2003George Bell
90.2%
2004George Bell
90.2%
2005George Bell
90.2%
2006George Bell
90.2%
2007George Bell
90.2%
2008George Bell
90.2%
2009George Bell
90.2%
2010George Bell
90.2%
2011George Bell
90.2%
2012George Bell
90.2%
2013George Bell
90.2%
2014George Bell
90.2%
2015George Bell
90.2%
2016George Bell
90.2%
1989Tony Fernandez
88.5%
1990Tony Fernandez
88.5%
1991Tony Fernandez
88.5%
1992Tony Fernandez
88.5%
1993Tony Fernandez
88.5%
1994Tony Fernandez
88.5%
1995Tony Fernandez
88.5%
1996Tony Fernandez
88.5%
1997Tony Fernandez
88.5%
1998Tony Fernandez
88.5%
1999Tony Fernandez
88.5%
2000Tony Fernandez
88.5%
2001Tony Fernandez
88.5%
2002Tony Fernandez
88.5%
2003Tony Fernandez
88.5%
2004Tony Fernandez
88.5%
2005Tony Fernandez
88.5%
2006Tony Fernandez
88.5%
2007Tony Fernandez
88.5%
2008Tony Fernandez
88.5%
2009Tony Fernandez
88.5%
Year Player % Correct
2010Tony Fernandez
88.5%
2011Tony Fernandez
88.5%
2012Tony Fernandez
88.5%
2013Tony Fernandez
88.5%
2014Tony Fernandez
88.5%
2015Tony Fernandez
88.5%
2016Tony Fernandez
88.5%
2017George Bell
88.3%
2007Vernon Wells
88%
2008Vernon Wells
88%
2009Vernon Wells
88%
2010Vernon Wells
88%
2011Vernon Wells
88%
2012Vernon Wells
88%
2013Vernon Wells
88%
2014Vernon Wells
88%
2015Vernon Wells
88%
2016Vernon Wells
88%
2017Lloyd Moseby
86.7%
1984Lloyd Moseby
85.8%
1985Lloyd Moseby
85.8%
1986Lloyd Moseby
85.8%
1987Lloyd Moseby
85.8%
1988Lloyd Moseby
85.8%
1989Lloyd Moseby
85.8%
1990Lloyd Moseby
85.8%
1991Lloyd Moseby
85.8%
1992Lloyd Moseby
85.8%
1993Lloyd Moseby
85.8%
1994Lloyd Moseby
85.8%
1995Lloyd Moseby
85.8%
1996Lloyd Moseby
85.8%
1997Lloyd Moseby
85.8%
1998Lloyd Moseby
85.8%
1999Lloyd Moseby
85.8%
2000Lloyd Moseby
85.8%
2001Lloyd Moseby
85.8%
2002Lloyd Moseby
85.8%
2003Lloyd Moseby
85.8%
2004Lloyd Moseby
85.8%
2005Lloyd Moseby
85.8%
2006Lloyd Moseby
85.8%
2007Lloyd Moseby
85.8%
2008Lloyd Moseby
85.8%
2009Lloyd Moseby
85.8%
2010Lloyd Moseby
85.8%
2011Lloyd Moseby
85.8%
2012Lloyd Moseby
85.8%
2013Lloyd Moseby
85.8%
2014Lloyd Moseby
85.8%
2015Lloyd Moseby
85.8%
2016Lloyd Moseby
85.8%
1986Jesse Barfield
85.2%
1987Jesse Barfield
85.2%
1988Jesse Barfield
85.2%
1997Joe Carter
85.2%
1998Joe Carter
85.2%
1999Joe Carter
85.2%
2000Joe Carter
85.2%
2001Joe Carter
85.2%
2002Joe Carter
85.2%
2003Joe Carter
85.2%
2004Joe Carter
85.2%
2005Joe Carter
85.2%
2006Joe Carter
85.2%
1983Damaso Garcia
69.9%
1984Damaso Garcia
69.9%
1985Damaso Garcia
69.9%
1986Damaso Garcia
69.9%
Year Player % Correct
1987Damaso Garcia
69.9%
1988Damaso Garcia
69.9%
1989Damaso Garcia
69.9%
1990Damaso Garcia
69.9%
1991Damaso Garcia
69.9%
1992Damaso Garcia
69.9%
1993Damaso Garcia
69.9%
1994Damaso Garcia
69.9%
1995Damaso Garcia
69.9%
1996Damaso Garcia
69.9%
1997Damaso Garcia
69.9%
1998Damaso Garcia
69.9%
1999Damaso Garcia
69.9%
2000Damaso Garcia
69.9%
2001Damaso Garcia
69.9%
1984Willie Upshaw
60.7%
1985Willie Upshaw
60.7%
1986Willie Upshaw
60.7%
1987Willie Upshaw
60.7%
1988Willie Upshaw
60.7%
1989Willie Upshaw
60.7%
1990Willie Upshaw
60.7%
1991Willie Upshaw
60.7%
1992Willie Upshaw
60.7%
1993Willie Upshaw
60.7%
1994Willie Upshaw
60.7%
1995Willie Upshaw
60.7%
1996Willie Upshaw
60.7%
1981Alfredo Griffin
59.6%
1982Alfredo Griffin
59.6%
1983Alfredo Griffin
59.6%
1984Alfredo Griffin
59.6%
1985Alfredo Griffin
59.6%
1986Alfredo Griffin
59.6%
1987Alfredo Griffin
59.6%
1979John Mayberry
55.7%
1980John Mayberry
55.7%
1981John Mayberry
55.7%
1982John Mayberry
55.7%
1977Bob Bailor
47.5%
1978Bob Bailor
47.5%
1979Bob Bailor
47.5%
1980Bob Bailor
47.5%
1981Bob Bailor
47.5%
1982Bob Bailor
47.5%
1983Bob Bailor
47.5%
1977Doug Ault
42.6%
1978Otto Velez
39.9%
1977Al Woods
32.2%
1977Roy Howell
32.2%
1978Roy Howell
32.2%
1978Al Woods
32.2%
1979Roy Howell
32.2%
1979Al Woods
32.2%
1980Roy Howell
32.2%
1980Al Woods
32.2%
1981Roy Howell
32.2%
1981Al Woods
32.2%
1982Roy Howell
32.2%
1982Al Woods
32.2%
1983Roy Howell
32.2%
1983Al Woods
32.2%
1984Roy Howell
32.2%
1985Roy Howell
32.2%
1977Ron Fairly
31.1%
1979Rick Bosetti
24%
1980Rick Bosetti
24%
1978Dave McKay
16.9%

You're not logged in!

Compare scores with friends on all Sporcle quizzes.
Join for Free
OR
Log In

You Might Also Like...

Show Comments

Extras

Top Quizzes Today


Score Distribution

Your Account Isn't Verified!

In order to create a playlist on Sporcle, you need to verify the email address you used during registration. Go to your Sporcle Settings to finish the process.

Report this User

Report this user for behavior that violates our Community Guidelines.

Details: